| 000 | 01374nam a2200325Ia 4500 | ||
|---|---|---|---|
| 003 | GCL | ||
| 008 | 140319s9999 xx 000 0 ara d | ||
| 040 |
_aGCL / _cGCL |
||
| 082 | 0 | 4 |
_a333.7846 _bم م |
| 100 | 1 | _aمحمد يسرى ابراهيم دعبس | |
| 245 | 1 | 0 |
_aالمحميات الطبيعية والجذب السياحى : _bرؤى ودراسات فى انثروبولوجيا السياحة / _cمحمد يسرى ابراهيم دعبس |
| 260 |
_aالقاهرة : _bالبيطاش سنتر للتجارة والتوزيع |
||
| 300 |
_a729 ص ؛ _c24 سم |
||
| 490 |
_aسلسلة الدراسات السياحية والمتحفية _v7 |
||
| 650 | 0 | 4 | _aالسياحة |
| 650 | 0 | 4 | _aالسياحة الدينية |
| 650 | 0 | 4 | _aمحمية راس محمد |
| 650 | 0 | 4 | _aالسياحة العلاجية |
| 650 | 0 | 4 | _aالمحميات |
| 650 | 0 | 4 | _aمحمية وادى الريان |
| 650 | 0 | 4 | _aالمحميات الطبيعية |
| 650 | 0 | 4 | _aسياحة المؤتمرات |
| 650 | 0 | 4 | _aالسياحة الثقافية |
| 650 | 0 | 4 | _aمحمية نبق ( محافظة جنوب سيناء ) |
| 650 | 0 | 4 | _aمحمية ابوجالوم |
| 650 | 0 | 4 | _aمحمية جزر سالوجا وغزال الطبيعية |
| 650 | 0 | 4 | _aمحمية بحيرة البرلس |
| 650 | 0 | 4 | _aمحمية الجزر السنيلية المسيلة |
| 942 |
_2ddc _cBK |
||
| 999 |
_c6010 _d6010 |
||